إجراءات الدعوى الجنائية فى ضوء المستحدث من احكام النقض /
يشتمل الكتاب على مباشرة الدعوى منذ وقوع الجريمة حتى الحكم فيها ثم مرحلة الاستدلال والتحقيق ثم رفع الدعوى وطرق الدفع والدفوع عنها وأدلة الإثبات وإصدار الحكم في الدعوى وطرق الطعن في الحكم....
Sábháilte in:
| Príomhchruthaitheoir: | |
|---|---|
| Formáid: | LEABHAR |
| Foilsithe / Cruthaithe: |
الإسكندرية :
منشأة المعارف،
[19--].
|
| Sraith: | الكتب القانونية.
|
| Ábhair: | |
| Clibeanna: |
Cuir clib leis
Níl clibeanna ann, Bí ar an gcéad duine le clib a chur leis an taifead seo!
|
MARC
| LEADER | 00000nam a22000007a 4500 | ||
|---|---|---|---|
| 003 | INP | ||
| 005 | 20181119143600.0 | ||
| 008 | 180227s ua fr|||| 00| 0 are d | ||
| 952 | |0 0 |1 0 |4 0 |6 347_050000000000000_ع_إ |7 0 |8 arabic_Boo |9 13213 |a INP |b INP |c MAIN |d 2018-08-15 |l 0 |o 347.05 ع إ |p 014511 |r 2022-03-28 00:00:00 |w 2018-08-15 |y BK |0 0 | ||
| 999 | |c 5275 |d 5275 | ||
| 040 | |a EG-INP |b ara |c EG-INP | ||
| 082 | 0 | 4 | |2 21 |a 347.05 |b ع إ |
| 100 | 1 | |a خالد، عدلي أمير. | |
| 245 | 1 | 0 | |a إجراءات الدعوى الجنائية فى ضوء المستحدث من احكام النقض / |c عدلي أمير خالد. |
| 260 | |a الإسكندرية : |b منشأة المعارف، |c [19--]. | ||
| 300 | |a 808 ص. ؛ |c 24 سم. | ||
| 490 | |a الكتب القانونية. | ||
| 504 | |a يشتمل على إرجاعات ببليوجرافية. | ||
| 520 | |a يشتمل الكتاب على مباشرة الدعوى منذ وقوع الجريمة حتى الحكم فيها ثم مرحلة الاستدلال والتحقيق ثم رفع الدعوى وطرق الدفع والدفوع عنها وأدلة الإثبات وإصدار الحكم في الدعوى وطرق الطعن في الحكم. | ||
| 650 | 7 | |2 qrmak |a الدعوى الجنائية |z مصر. | |
| 650 | 7 | |2 qrmak |a قانون الإجراءات الجنائية. | |
| 650 | 7 | |2 qrmak |a الدعاوى والبينات. | |
| 650 | 7 | |2 qrmak |a المحاكم الجنائية. | |
| 901 | |a EGPV15 | ||
| 902 | |a EGPV3 | ||
| 903 | |a original | ||
| 942 | |2 ddc |c BK | ||